| 000 | 00824 a2200217 4500 | ||
|---|---|---|---|
| 008 | 240605b mp ||||| |||| 00| 0 mon d | ||
| 035 | _a4216 | ||
| 040 |
_aHE0623081 _bmon _cMN-UlNLM _dMN-UlNLM _erda |
||
| 041 | _amon | ||
| 042 | _a6811 | ||
| 084 |
_2NNA _a26.325 _bУ.431 |
||
| 100 | _aУотт Ф. | ||
| 245 | 0 | _aГазар хөдлөлт ба галт уулс | |
| 264 |
_aУБ. _bМонсудар _c2001 |
||
| 300 | _a31х. | ||
| 336 |
_2rdacontent _atext _btxt |
||
| 337 |
_2rdamedia _aunmediated _bn |
||
| 338 |
_2rdacarrier _avolume _bnc |
||
| 650 | _aГазар хөдлөлт ба галт уулс шинжлэх ухаан танин мэдэхүйн хүрээлэн буй орчны нэвтэрхий толь цувралыг уншин судлах нь шинжлэх ухаан... | ||
| 942 |
_2NNA _cBK |
||
| 999 |
_c876641 _d876698 |
||